| 000 | 00871nam a2200253 i 4500 | ||
|---|---|---|---|
| 001 | 189911 | ||
| 003 | SpMaBN | ||
| 005 | 20250630063523.0 | ||
| 008 | 191226s1990 ck |||| | spa d | ||
| 080 | _a806-5 | ||
| 100 | 1 |
_aFlórez, Óscar. _9169256 _eaut |
|
| 245 | 1 | 3 |
_aLa anáfora : _buna aproximación pragmática / _cÓscar Flórez. |
| 260 |
_aBogotá : _bInstituto Caro y Cuervo, _c1990. |
||
| 300 |
_a164 páginas ; _c25 cm. |
||
| 490 | 1 |
_aCuadernos del Seminario Andrés Bello ; _v3 |
|
| 504 | _aBibliografía: p. [157]-161. | ||
| 650 | 7 |
_aAnáfora. _9169257 |
|
| 710 | 2 |
_aInstituto Caro y Cuervo. _94806 _eedt |
|
| 830 | 0 |
_aCuadernos del Seminario Andrés Bello ; _v3 _9193462 |
|
| 852 |
_aES-MaACL _cDEPO2 _hDonat. herederos José Prat _jL-32494 |
||
| 942 |
_2udc _cMONOGRAFIA _n0 |
||
| 999 |
_c189911 _d189911 |
||